000 01554nam a22001457a 4500
999 _c524182
_d524182
008 231031b ||||| |||| 00| 0 eng d
100 _aMoran, Arik and Hasson, Michal
_945607
245 _aA Himalayan prince between India and Europe: Suchet Singh of Chamba and the limits of colonial subjectivity
260 _aThe Indian Economic and Social History Review
300 _a60(2), Apr-Jun, 2023: p.159-183
520 _aThis article discusses the life-story of Suchet Singh (1841–1896). The ruler of the Himalayan kingdom of Chamba, Singh was deposed by the colonial authorities soon after his accession in 1870, and spent the rest of his life seeking restitution. We argue that the strategies employed by Singh, who combined appeals to the international press with political manoeuvrings in India and Europe, evince a novel type of cosmopolitanism. This new development allowed elites from the colonies to contest the empire by exploiting unprecedented technological advancements in communications and travel alongside the support of a widening liberal lobby in the metropole. While Singh ultimately failed to regain his patrimony and died destitute in exile, his life story demonstrates the capacity of judicious engagement with the public sphere and the cultivation of global support-networks to improve the standing of colonial subjects in the Age of Empire. – Reproduced https://journals.sagepub.com/doi/full/10.1177/00194646231166440
773 _aThe Indian Economic and Social History Review
906 _aHISTORY
942 _cAR